| 000 | 00484ntaaa2200181 4500 | ||
|---|---|---|---|
| 003 | 01 | ||
| 005 | 20251027203027.0 | ||
| 008 | 0714s1973 ag 01 | ||
| 040 |
_aAR-BaBN _bspa _cAR-BaBN _eaacr _dRIC |
||
| 082 | _a933.0000 J77 | ||
| 100 |
_aJosefo, Flavio _9477 |
||
| 245 | _aHistoria de las guerras de los judíos | ||
| 250 | _a1 ed. | ||
| 260 |
_aMadrid : _bLibrería de la Viuda de Hernando y Cieç, _cc1891 |
||
| 300 | _a2 tomos | ||
| 650 |
_aJudío-historia _931347 |
||
| 942 | _cBK | ||
| 999 |
_c25654 _d25654 |
||